| 000 | 01504nam0a22003251 4500 | ||
|---|---|---|---|
| 001 | rc\459393 | ||
| 005 | 20250621093030.0 | ||
| 035 | _a(NLR Aleph) 005703923 | ||
| 090 |
_a7306748 _c7306748 |
||
| 100 | _a20030616d1987 |||y0rusy50 ca | ||
| 101 | 0 | _arus | |
| 102 | _aRU | ||
| 105 | _aa ||||||||| | ||
| 200 | 1 |
_aСиние качели _eСтихотворения. Поэмы, 1956-1985 _eПер. с белорус. _fГеннадий Буравкин _g[Вступ. ст. И. Шкляревского] |
|
| 210 |
_aМ. _cХудож. лит. _d1987 |
||
| 215 |
_a381, [1] с., [1] л. портр. _d13 |
||
| 327 | 1 | _aСодерж.: Циклы: Дыхание; Жатва; Исток; Поэмы: Хатынский снег; Поэма расставания; Четыре думы о Белоруссии | |
| 464 | 0 |
_12001#$aДыхание _tДыхание |
|
| 464 | 0 |
_12001#$aЖатва _tЖатва |
|
| 464 | 0 |
_12001#$aИсток _tИсток |
|
| 464 | 0 |
_12001#$aХатынский снег _tХатынский снег |
|
| 464 | 0 |
_12001#$aПоэма расставания _tПоэма расставания |
|
| 464 | 0 |
_12001#$aЧетыре думы о Белоруссии _tЧетыре думы о Белоруссии |
|
| 700 | 1 |
_7ca _8rus _aБуравкин _bГ. Н. _f1936-2014 _gГеннадий Николаевич _9200030 _3RU\NLR\AUTH\770200081 |
|
| 801 | 0 |
_aRU _bNLR _gpsbo |
|
| 801 | 1 |
_aRU _bELAR _2rusmarc |
|
| 852 |
_aNLR _j88-1/9 |
||
| 942 | _cBOOK | ||
| 980 | _aNB | ||